Sonetos de la Bahía / (Record no. 39479)

MARC details
000 -LEADER
campo de control de longitud fija 00468nam a2200169 i 4500
001 - NÚMERO DE CONTROL
campo de control 39479
003 - IDENTIFICADOR DE NÚMERO DE CONTROL
campo de control ES-MaACL
005 - FECHA Y HORA DE LA ÚLTIMA TRANSACCIÓN
campo de control 20230906160009.0
007 - CAMPO FIJO DE DESCRIPCIÓN FÍSICA--INFORMACIÓN GENERAL
campo de control de longitud fija t|
008 - DATOS DE LONGITUD FIJA--INFORMACIÓN GENERAL
campo de control de longitud fija 030303s1942 sp ||||1| spa d
100 1# - ENTRADA PRINCIPAL--NOMBRE DE PERSONA
Nombre de persona Cano, José Luis,
Fechas asociadas al nombre 1912-1999
9 (RLIN) 34532
245 10 - MENCIÓN DEL TÍTULO
Título Sonetos de la Bahía /
Mención de responsabilidad, etc. José Luis Cano.
260 ## - PUBLICACIÓN, DISTRIBUCIÓN, ETC.
Lugar de publicación, distribución, etc. Madrid :
Nombre del editor, distribuidor, etc. [s.n.,
Fecha de publicación, distribución, etc. 1942] (
Fabricante Imp. S. Aguirre)
300 ## - DESCRIPCIÓN FÍSICA
Extensión 83 p. ;
Dimensiones 23 cm.
852 ## - LOCALIZACIÓN
Ubicación ES-MaACL
Número de control de estantería 1816-F-24
Holdings
Estatus retirado Estado de pérdida Estado de daño No para préstamo Colección Biblioteca de origen Biblioteca actual Ubicación en estantería Fecha de adquisición Fuente de adquisición Total de préstamos Signatura topográfica completa Código de barras Visto por última vez Precio de reemplazo Tipo de ítem Koha
        Colección de folletos Biblioteca del Ateneo de Madrid Biblioteca del Ateneo de Madrid Depósito folletos 17/01/2008     1816-F-24 1041577 23/02/2023 23/02/2023 Folleto